[Event "Bad Woerishofen op 28th"]
[Site "Bad Woerishofen"]
[Date "2012.03.05"]
[Round "4"]
[White "Dietsche, Birgit"]
[Black "Tichacek, Alois"]
[Result "0-1"]
[WhiteElo "1481"]
[BlackElo "1773"]
[PlyCount "50"]
[EventDate "2012.03.02"]
[EventType "swiss"]
[EventRounds "9"]
[EventCountry "GER"]
[SourceTitle "EXT 2019"]
[Source "ChessBase"]
[SourceDate "2018.10.10"]
[SourceVersion "1"]
[SourceVersionDate "2018.10.10"]
[SourceQuality "1"]

1. d4 d5 2. Bf4 Nf6 3. e3 g6 4. h3 Bg7 5. Nf3 Nbd7 6. Nbd2 c5 7. c3 a6 8. a4 b6 9. Ne5 Nxe5 10. Bxe5 0-0 11. Bd3 Nd7 12. Bxg7 Kxg7 13. Nf3 f6 14. g4 e5 15. dxe5 fxe5 16. e4 c4 17. Be2 dxe4 18. Nd2 e3 19. Nf3 exf2+ 20. Kxf2 Qf6 21. g5 Qxg5 22. Rg1 Qh4+ 23. Rg3 Nc5 24. Qd5 Ne4+ 25. Ke3 Qf4# 0-1

[Event "Bad Woerishofen op 28th"]
[Site "Bad Woerishofen"]
[Date "2012.03.03"]
[Round "2"]
[White "Tichacek, Alois"]
[Black "Straub, Hermann"]
[Result "0-1"]
[WhiteElo "1773"]
[BlackElo "1989"]
[PlyCount "86"]
[EventDate "2012.03.02"]
[EventType "swiss"]
[EventRounds "9"]
[EventCountry "GER"]
[SourceTitle "EXT 2019"]
[Source "ChessBase"]
[SourceDate "2018.10.10"]
[SourceVersion "1"]
[SourceVersionDate "2018.10.10"]
[SourceQuality "1"]

1. d4 b6 2. c4 e6 3. e4 Bb7 4. Nc3 Bb4 5. Bd3 f5 6. Qf3 Nf6 7. d5 fxe4 8. Bxe4 Nxe4 9. Qxe4 0-0 10. Nge2 exd5 11. cxd5 Bxc3+ 12. bxc3 Re8 13. Qd4 Qe7 14. Be3 Ba6 15. Rd1 d6 16. Rd2 Nd7 17. 0-0 Ne5 18. Re1 Nc4 19. Rd3 Qf7 20. Nf4 Ne5 21. Rdd1 Bc8 22. f3 Bf5 23. Kf2 h6 24. h3 Rad8 25. g4 Bd7 26. Rf1 Rf8 27. Kg3 Rde8 28. Rf2 b5 29. Rdf1 Nc4 30. Bc1 a5 31. Nh5 Re7 32. f4 g6 33. f5 gxh5 34. Bxh6 h4+ 35. Kh2 Rfe8 36. g5 Re2 37. g6 Rxf2+ 38. Rxf2 Qe7 39. Bf4 Bxf5 40. Rg2 Qe4 41. Qf2 Ne5 42. g7 Nf3+ 43. Kh1 Qe1+ 0-1